| 000 | 00408cam a2200145ua 4500 | ||
|---|---|---|---|
| 041 |
_aeng _h |
||
| 082 |
_a928.2 _bBOA/CH |
||
| 100 | _aBoas, Frederick S . | ||
| 245 |
_aChristopher Marlowe: A biographical and critical study / _cFrederick S Boas. _hTextual Documents |
||
| 260 |
_aLondon : _bOxford at the Clarendon Press , _c1967. |
||
| 300 | _a335 ; . | ||
| 504 | _a | ||
| 942 | _cBK | ||
| 999 |
_c6155 _d6155 |
||